Every Country in their Official Language(s) - Statistics

General Stats
  • This quiz has been taken 21 times
  • The average score is 99 of 197
Answers on the Map
Answers color-coded by a green-red scale on the quiz's map according to % correct below.
 
Answer Stats
Country % Correct
United States/America/
Estados Unidos/ États-Unis/ ‘Amelika Hui Pū ‘ia
100%
Canada
95%
México/Mēxihco
95%
Perú/Piruw
95%
Argentina
89%
Belize
89%
Chile
89%
Colombia
89%
Cuba
89%
Deutschland
89%
France
89%
Guatemala
89%
Haïti/Ayiti
89%
United Kingdom/Britain/
Y Deyrnas Unedig/ Unitit Kinrick/ Rìoghachd Aonaichte/ Ríocht Aontaithe/ An Rywvaneth Unys
89%
Venezuela
89%
Brasil
84%
Costa Rica
84%
Ecuador
84%
El Salvador
84%
España/Espanya/ Espainia/ Espanha
84%
Guyana
84%
Panamá
84%
Paraguay/Paraguái
84%
Portugal
84%
República Dominicana
84%
Suriname
84%
Uruguay
84%
Bhārôt/India/ Bhārat/ Bhārata/ Bhāratam/ Bāratam/ Bhāratadēśam
79%
Bolivia/ Buliwya/Wuliwya/ Volívia
79%
Éire/Ireland
79%
Honduras
79%
Italia
79%
Jamaica
79%
Nicaragua
79%
The Bahamas
79%
Angola/Ngola
74%
Australia
74%
Pākistān
74%
Lesotho
74%
New Zealand/Aotearoa
74%
România
74%
South Africa/Suid-Afrika/ iNingizimu Afrika/ uMzantsi Afrika/ Afrika-Borwa/ Afrika Borwa/ Aforika Borwa/ Afurika Tshipembe/ Afrika Dzonga/ iNingizimu Afrika/ iSewula Afrika
74%
Bānglādesh
68%
Côte d'Ivoire
68%
Dominica
68%
Eswatini
68%
Grenada
68%
Indonesia
68%
Kenya
68%
Lëtzebuerg/Luxemburg/ Luxembourg
68%
Libya/Lībiyā
68%
Myanma
68%
Nepāl
68%
Niger/Nijar
68%
Nigeria/Nijeriya/ Naìjíríyà/ Nàìjíríà
68%
Österreich
68%
Papua New Guinea/Papua Niugini/ Papua Niu Gini
68%
Suomi/Finland
68%
Thai/Prathet Thai/ Ratcha-anachak Thai
68%
Uganda
68%
Aanteega an' Baabyuuda/Antigua and Barbuda
63%
Barbados
63%
Belau/Palau
63%
België/Belgique/ Belgien
63%
Ghana/Gaana/ Gana
63%
Īrān
63%
Ísland
63%
Madagasikara/Madagascar
63%
Malaysia
63%
Malta
63%
Moldova
63%
Nauru/Naoero
63%
Nihon/Nippon
63%
Polska
63%
Qazaqstan/Kazakhstán
63%
Rwanda
63%
Sāmoa
63%
Sénégal/Senegaal
63%
Tanzania
63%
The Gambia/Kambiya/ Gambi
63%
Togo
63%
Tonga
63%
Trinidad and Tobago
63%
Türkiye
63%
Vanuatu
63%
Zimbabwe
63%
Bénin
58%
Bielaruś/Belarus
58%
Botswana
58%
Cabo Verde
58%
Cameroun/Cameroon
58%
Malaŵi
58%
Federated States of Micronesia
58%
Fiji/Viti
58%
Kiribati
58%
Kosova/Kosovo
58%
Lao
58%
Liberia
58%
Mali/Maali
58%
Mauritius/Maurice/ Moris
58%
Namibia/Namibië
58%
Saint Kitts and Nevis
58%
Saint Lucia
58%
Saint Vincent and the Grenadines
58%
Schweiz/Suisse/ Svizzera/ Svizra
58%
Solomon Islands/Solomon Aelan
58%
Sri Lankā
58%
Tuvalu
58%
Zambia
58%
Aorōkin Ṃajeḷ/Marshall Islands
53%
Brunei
53%
Gabon
53%
Hrvatska
53%
Kyrgyzstan
53%
Nederland/Nederlân
53%
Pilipinas/Philippines
53%
Rossiya/Rossiâ
53%
San Marino
53%
Sesel/Seychelles
53%
Türkmenistan
53%
Uburundi/Burundi
53%
Zhōnghuá Mínguó/Táiwān
53%
Andorra
47%
Burkina Faso
47%
Liechtenstein
47%
Jībūtī/Djibouti/ Jabuuti/ Gabuuti
42%
Monaco/Múnegu
42%
Norge/Noreg/ Norga/ Vuodna/ Nöörje
42%
Qaṭar
42%
South Sudan/Paguot Thudän/ Sudan Kusini
42%
Sverige
42%
Česká republika/Česko
37%
Danmark
37%
Ellada/Hellas
37%
Sierra Leone
37%
Singapura/Singapore/ Xīnjiāpō/ Singapur
37%
Slovenija
37%
Timor Lorosa'e/Timor-Leste
37%
Crna Gora
32%
Hayastán
32%
Slovensko
32%
Bosna i Hercegovina
26%
Eesti
26%
Kypros/Kıbrıs
26%
Latvija
26%
Lubnān/Liban
26%
Srbija
26%
Tchad/Tšād
26%
Guinea Ecuatorial/Guinée équatoriale/ Guiné Equatorial
21%
Guinée/Gine
21%
Kămpŭchéa
21%
Lietuva
21%
Magyarország
21%
Misr/Masr
21%
Moçambique/Muzambhiki
21%
Sak'art'velo
21%
São Tomé e Príncipe
21%
Afġānistān
16%
Azərbaycan
16%
Civitas Vaticana/Città del Vaticano
16%
Dzayer/Al-Jazā'ir
16%
Komori/Juzur al-Qumur/ Comores
16%
O‘zbekiston
16%
Severna Makedonija/Maqedonia e Veriut
16%
Shqipëria
16%
Tunes/Tūns
16%
Zhōngguó/Zhōnghuá Rénmín Gònghéguó
16%
Al-'Iraq/Êraq
11%
Al-Yaman
11%
Druk Yul
11%
Filasṭīn
11%
Guiné-Bissau/Gine-Bisaawo/ Gine-Bisawo
11%
Hanguk/Namhan
11%
Mongol Uls
11%
République démocratique du Congo/Republíki ya Kongó Demokratíki/ Repubilika ya Kôngo ya Dimokalasi/ Jamhuri ya Kidemokrasia ya Kongo
11%
République du Congo/Repubilika ya Kôngo/ Republíki ya Kongó
11%
Soomaaliya/aş-Şūmāl
11%
Tojikiston
11%
‘Umān
11%
Việt Nam
11%
Yisra'el/Israʼiyl
11%
Al-Baḥrayn
5%
Al-’Imārat Al-‘Arabiyyah Al-Muttaḥidah
5%
Al-’Urdun
5%
Amerruk/Elmeɣrib/
Al-maɣréb
5%
As-Sudan
5%
Bălgariya/Bălgarija
5%
Centrafrique/Bêafrîka
5%
Chosŏn/Bukchosŏn
5%
Dawlat ul-Kuwayt/il-ikwet
5%
Dhivehi Raajje
5%
Al-Mamlaka Al-‘Arabiyyah as Sa‘ūdiyyah/ Al-‘Arabiyyah as Sa‘ūdiyyah
5%
Iritriya/Ertra
5%
Ityop'ia
5%
Muritan/Agawec/
Mūrītānyā
5%
Suriyah
5%
Ukrajina
0%
No matching quizzes found
Score Distribution
Percent of People with Each Score
Percentile by Number Answered
Your Score History
You have not taken this quiz